| 000 | 00815 a2200229 4500 | ||
|---|---|---|---|
| 020 | _a0071156917 | ||
| 020 | _a9780071156912 | ||
| 090 |
_c2767 _d2767 |
||
| 100 | 1 | _aEun, Cheol. | |
| 245 | 1 | 0 |
_aInternational financial management / _cCheol Eun. |
| 250 | _aInternational Ed ed. | ||
| 260 |
_a[S.l.] : _bMcGraw-Hill Education (ISE Editions), _c1998. |
||
| 300 | _a672 p. | ||
| 490 | 1 | _aMcgraw-hill international editions: finance series. | |
| 500 | _aImport. | ||
| 500 | _aPaperback. | ||
| 700 | 1 | _aResnick, Bruce. | |
| 830 | 0 | _aMcgraw-hill international editions: finance series. | |
| 856 | 4 | 0 |
_3Amazon.com _uhttp://www.amazon.com/exec/obidos/ASIN/0071156917/chopaconline-20 |
| 856 | 4 | 0 |
_3Amazon customer reviews _uhttp://www.chopac.org/cgi-bin/tools/azrev.pl?q=0071156917 |
| 942 |
_aNBS _cBK _k658.1599 EUN |
||
| 999 |
_c345258 _d345258 |
||